[Event "SN-2012-0-00445"]
[Site "LSS email"]
[Date "2012.07.08"]
[Round "?"]
[White "Jokmin, Alex"]
[Black "Linart, Ludvik"]
[Result "0-1"]
[WhiteElo "694"]
[BlackElo "804"]
[PlyCount "57"]
[EventDate "2012.06.17"]
[EventType "tourn (corr)"]
[EventRounds "6"]
[EventCountry "GER"]
[SourceTitle "Telechess CBM 153"]
[Source "ChessBase"]
[SourceDate "2013.03.14"]
[SourceVersion "1"]
[SourceVersionDate "2013.03.14"]
[SourceQuality "1"]

1. d4 d5 2. c4 dxc4 3. Nf3 a6 4. a4 Nf6 5. Bf4 e6 6. e3 Bb4+ 7. Nc3 Bxc3+ 8. bxc3 0-0 9. Bxc4 Nbd7 10. 0-0 Nh5 11. Bg3 Ndf6 12. Bb3 Bd7 13. Qd3 Nxg3 14. hxg3 Qe7 15. Ne5 Rfd8 16. Nxd7 Rxd7 17. c4 c6 18. c5 Qxc5 19. Qxh7+ Kxh7 20. dxc5 Rd3 21. Bc2 Rad8 22. Bxd3+ Rxd3 23. Rab1 Rd7 24. Rb6 Nd5 25. Rb3 f5 26. Rfb1 b6 27. cxb6 Rb7 28. a5 g5 29. Rc1 0-1

[Event "SN-2012-0-00445"]
[Site "LSS email"]
[Date "2012.07.07"]
[Round "?"]
[White "Jokmin, Alex"]
[Black "Ozdemir, Zafer Omer"]
[Result "0-1"]
[WhiteElo "694"]
[BlackElo "707"]
[PlyCount "36"]
[EventDate "2012.06.17"]
[EventType "tourn (corr)"]
[EventRounds "6"]
[EventCountry "GER"]
[SourceTitle "Telechess CBM 153"]
[Source "ChessBase"]
[SourceDate "2013.03.14"]
[SourceVersion "1"]
[SourceVersionDate "2013.03.14"]
[SourceQuality "1"]

1. d4 d5 2. c4 dxc4 3. Nf3 Bg4 4. Qa4+ c6 5. Qxc4 Bxf3 6. exf3 Qa5+ 7. Bd2 Qb5 8. Qxb5 cxb5 9. Bxb5+ Nd7 10. 0-0 0-0-0 11. Bf4 e6 12. Rc1+ Nc5 13. dxc5 Ne7 14. b4 Nd5 15. Bg3 Nc7 16. Ba4 Kb8 17. b5 Kc8 18. b6 Rd4 0-1

[Event "LSS No Engine Cup 67 Preliminary 1"]
[Site "LSS email"]
[Date "2012.06.11"]
[Round "?"]
[White "Jokmin, Alex"]
[Black "Goti, Javier"]
[Result "0-1"]
[WhiteElo "694"]
[BlackElo "865"]
[PlyCount "56"]
[EventDate "2012.06.12"]
[EventType "tourn (corr)"]
[EventRounds "6"]
[EventCountry "GER"]
[SourceTitle "Telechess CBM 153"]
[Source "ChessBase"]
[SourceDate "2013.03.14"]
[SourceVersion "1"]
[SourceVersionDate "2013.03.14"]
[SourceQuality "1"]

1. d4 Nf6 2. c4 e6 3. Nf3 b6 4. Nc3 Bb4 5. e3 Bb7 6. Be2 0-0 7. 0-0 d5 8. a3 Bxc3 9. bxc3 Ne4 10. Qc2 Nd7 11. cxd5 exd5 12. Bd3 Re8 13. c4 c5 14. cxd5 Bxd5 15. dxc5 Ndxc5 16. Bxe4 Bxe4 17. Qc3 Nd3 18. Rd1 Bxf3 19. Rxd3 Qg5 20. g3 Be4 21. Rd4 Qg4 22. f4 Qf3 23. Qd2 Qh1+ 24. Kf2 Qxh2+ 25. Ke1 Qxg3+ 26. Qf2 Qg4 27. Bb2 h5 28. Kd2 Rac8 0-1

[Event "SN-2012-0-00439"]
[Site "LSS email"]
[Date "2012.06.10"]
[Round "?"]
[White "Jokmin, Alex"]
[Black "Chandler, Mark"]
[Result "0-1"]
[WhiteElo "694"]
[BlackElo "940"]
[PlyCount "30"]
[EventDate "2012.05.22"]
[EventType "tourn (corr)"]
[EventRounds "6"]
[EventCountry "GER"]
[SourceTitle "Corr 2015"]
[Source "ChessBase"]
[SourceDate "2015.07.17"]
[SourceVersion "1"]
[SourceVersionDate "2015.07.17"]
[SourceQuality "1"]

1. d4 f5 2. c4 Nf6 3. Nf3 g6 4. Nc3 Bg7 5. e3 0-0 6. c5 Kh8 7. Bc4 b6 8. b4 Ba6 9. Bxa6 Nxa6 10. a3 bxc5 11. bxc5 Ne4 12. Nxe4 fxe4 13. Nd2 Nxc5 14. Rb1 Nd3+ 15. Ke2 Rxf2# 0-1

[Event "SN-2012-0-00439"]
[Site "LSS email"]
[Date "2012.06.10"]
[Round "?"]
[White "Linart, Ludvik"]
[Black "Jokmin, Alex"]
[Result "1-0"]
[WhiteElo "804"]
[BlackElo "694"]
[PlyCount "83"]
[EventDate "2012.05.22"]
[EventType "tourn (corr)"]
[EventRounds "6"]
[EventCountry "GER"]
[SourceTitle "Telechess CBM 153"]
[Source "ChessBase"]
[SourceDate "2013.03.14"]
[SourceVersion "1"]
[SourceVersionDate "2013.03.14"]
[SourceQuality "1"]

1. d4 d5 2. c4 dxc4 3. Nc3 Bf5 4. e4 Bg6 5. Bxc4 e6 6. Nf3 Bb4 7. 0-0 Ne7 8. Qa4+ Nbc6 9. Ne5 Bxc3 10. bxc3 0-0 11. Nxg6 Nxg6 12. Ba3 Re8 13. d5 exd5 14. Bxd5 Qf6 15. Rac1 Nge7 16. Bxe7 Nxe7 17. Bxb7 Rab8 18. Qxa7 Qb6 19. Qxb6 cxb6 20. Ba6 Ng6 21. f3 Ne5 22. Bb5 Red8 23. Rfd1 Kf8 24. Rd5 f6 25. h3 Ke7 26. Rcd1 Rxd5 27. Rxd5 Rc8 28. f4 Nf7 29. Rd7+ Kf8 30. c4 Nd8 31. Kf2 Ne6 32. Ke3 Nc5 33. g4 Re8 34. Rd4 Ra8 35. Rd2 Ra3+ 36. Kd4 Ne6+ 37. Kd5 Nxf4+ 38. Kc6 Rd3 39. Rxd3 Nxd3 40. Kxb6 Ke7 41. c5 Kd8 42. Bxd3 1-0

[Event "SN-2012-0-00439"]
[Site "LSS email"]
[Date "2012.06.10"]
[Round "?"]
[White "Neumann, Frank"]
[Black "Jokmin, Alex"]
[Result "1-0"]
[WhiteElo "557"]
[BlackElo "694"]
[PlyCount "61"]
[EventDate "2012.05.22"]
[EventType "tourn (corr)"]
[EventRounds "6"]
[EventCountry "GER"]
[SourceTitle "Telechess CBM 153"]
[Source "ChessBase"]
[SourceDate "2013.03.14"]
[SourceVersion "1"]
[SourceVersionDate "2013.03.14"]
[SourceQuality "1"]

1. b4 a5 2. b5 c6 3. bxc6 bxc6 4. Bb2 Nf6 5. e3 e6 6. Nf3 Be7 7. Be2 0-0 8. 0-0 d5 9. c4 Qb6 10. Bd4 c5 11. Be5 Nc6 12. Bg3 Ne4 13. d3 Nxg3 14. fxg3 dxc4 15. dxc4 Bf6 16. Nc3 Bxc3 17. Rb1 Qc7 18. Qc2 Bf6 19. Bd3 h6 20. a4 Nb4 21. Qd2 Rd8 22. Ne1 Nxd3 23. Nxd3 Qd6 24. Rfd1 Ba6 25. Rbc1 Rab8 26. Rc3 Bxc3 27. Qxc3 Qb6 28. Kf2 Qb3 29. Qxb3 Rxb3 30. Ke2 Bxc4 31. Kf3 1-0

[Event "RN-2012-0-00490"]
[Site "LSS email"]
[Date "2012.06.09"]
[Round "?"]
[White "Jokmin, Alex"]
[Black "Bortnicker, Justin"]
[Result "0-1"]
[WhiteElo "692"]
[BlackElo "916"]
[PlyCount "86"]
[EventDate "2012.05.28"]
[EventType "tourn (corr)"]
[EventRounds "6"]
[EventCountry "GER"]
[SourceTitle "Telechess CBM 155"]
[Source "ChessBase"]
[SourceDate "2013.07.16"]
[SourceVersion "1"]
[SourceVersionDate "2013.07.16"]
[SourceQuality "1"]

1. d4 Nf6 2. c4 b6 3. Nf3 d6 4. Nc3 e6 5. Bg5 Be7 6. g3 Bb7 7. Bg2 h6 8. Bxf6 Bxf6 9. e3 e5 10. 0-0 0-0 11. b4 a6 12. Qe2 Re8 13. dxe5 dxe5 14. Rac1 Qe7 15. a3 c5 16. bxc5 Qxc5 17. Na4 Qa5 18. Qc2 Bc6 19. Nb2 Qxa3 20. Rfd1 Ra7 21. Rd3 Qc5 22. Rd2 Rd7 23. Rcd1 Rxd2 24. Rxd2 a5 25. Na4 Qb4 26. Nc3 Qxc4 27. Ne1 Bxg2 28. Kxg2 b5 29. Ne4 Qxc2 30. Rxc2 Be7 31. Nd3 f5 32. Nd2 e4 33. Nf4 Rd8 34. Ne6 Re8 35. Nd4 g6 36. Nc6 Nxc6 37. Rxc6 Kf7 38. Rb6 Bb4 39. Nb3 Re5 40. Nd4 Bd2 41. Nxb5 Re6 42. Rb7+ Re7 43. Rb6 h5 0-1

[Event "RN-2012-0-00490"]
[Site "LSS email"]
[Date "2012.06.09"]
[Round "?"]
[White "Jokmin, Alex"]
[Black "Rush, Bradley"]
[Result "1-0"]
[WhiteElo "692"]
[BlackElo "900"]
[PlyCount "63"]
[EventDate "2012.05.28"]
[EventType "tourn (corr)"]
[EventRounds "6"]
[EventCountry "GER"]
[SourceTitle "Telechess CBM 155"]
[Source "ChessBase"]
[SourceDate "2013.07.16"]
[SourceVersion "1"]
[SourceVersionDate "2013.07.16"]
[SourceQuality "1"]

1. d4 b5 2. c4 bxc4 3. e4 Bb7 4. Nc3 e6 5. Bxc4 Bb4 6. Qc2 Nf6 7. Nf3 Nxe4 8. 0-0 Bxc3 9. bxc3 0-0 10. Bd3 Nf6 11. Bg5 h6 12. Bh4 d6 13. Rab1 Nbd7 14. Bxf6 Nxf6 15. Rxb7 e5 16. dxe5 dxe5 17. Nxe5 Qd5 18. Rb5 Qd6 19. Rd1 Qe7 20. Nf3 Rad8 21. Bc4 Rxd1+ 22. Qxd1 Rd8 23. Qe2 Qa3 24. Qc2 c6 25. Rb7 Nd5 26. g3 Qc5 27. Bb3 a5 28. Qf5 Qxc3 29. Bxd5 cxd5 30. Qxf7+ Kh8 31. Kg2 d4 32. Qxg7# 1-0

[Event "RN-2012-0-00490"]
[Site "LSS email"]
[Date "2012.06.08"]
[Round "?"]
[White "Bester, Kazimierz"]
[Black "Jokmin, Alex"]
[Result "0-1"]
[WhiteElo "615"]
[BlackElo "692"]
[PlyCount "102"]
[EventDate "2012.05.28"]
[EventType "tourn (corr)"]
[EventRounds "6"]
[EventCountry "GER"]
[SourceTitle "Telechess CBM 155"]
[Source "ChessBase"]
[SourceDate "2013.07.16"]
[SourceVersion "1"]
[SourceVersionDate "2013.07.16"]
[SourceQuality "1"]

1. d4 g6 2. Nf3 Bg7 3. e3 b6 4. c3 Bb7 5. Be2 e6 6. 0-0 Ne7 7. Ne5 0-0 8. f4 d6 9. Nf3 c5 10. Nbd2 cxd4 11. exd4 Nbc6 12. Ne4 e5 13. dxe5 dxe5 14. Qxd8 Raxd8 15. Nfg5 exf4 16. Rxf4 h6 17. Nh3 g5 18. Rf1 Ne5 19. Nf6+ Kh8 20. Be3 N7g6 21. Bh5 Bxf6 22. Rxf6 Kg7 23. Raf1 Nh8 24. Bd4 Rxd4 25. cxd4 Neg6 26. g3 Bc8 27. Kg2 Be6 28. Kg1 Bxh3 29. R1f2 Be6 30. b3 Rd8 31. d5 Rxd5 32. Kg2 Nf4+ 33. R6xf4 gxf4 34. gxf4 Rxh5 35. Kg1 Rf5 36. Rg2+ Ng6 37. h4 Kf6 38. Rh2 Rxf4 39. h5 Ne5 40. Rf2 Rxf2 41. Kxf2 Kg5 42. Ke3 f5 43. Kd4 Nf7 44. Ke3 Kg4 45. Kf2 f4 46. Kg2 f3+ 47. Kf2 Ng5 48. Kf1 Kg3 49. Kg1 f2+ 50. Kf1 Kf3 51. b4 Bc4# 0-1

[Event "SN-2012-0-00438"]
[Site "LSS email"]
[Date "2012.06.08"]
[Round "?"]
[White "Jokmin, Alex"]
[Black "Venturas, Bob"]
[Result "0-1"]
[WhiteElo "694"]
[BlackElo "718"]
[PlyCount "46"]
[EventDate "2012.05.14"]
[EventType "tourn (corr)"]
[EventRounds "6"]
[EventCountry "GER"]
[SourceTitle "Telechess CBM 153"]
[Source "ChessBase"]
[SourceDate "2013.03.14"]
[SourceVersion "1"]
[SourceVersionDate "2013.03.14"]
[SourceQuality "1"]

1. d4 d5 2. c4 Nc6 3. Nf3 Bg4 4. Bf4 Nf6 5. e3 h6 6. Be2 e6 7. c5 Be7 8. 0-0 0-0 9. Ne5 Bxe2 10. Qxe2 Nh7 11. Nc3 f6 12. Nd3 Qe8 13. Bxc7 Rc8 14. Bg3 b6 15. cxb6 axb6 16. a3 Na5 17. b4 Nb3 18. Rab1 Rxc3 19. Nf4 Qa4 20. Nxe6 Rfc8 21. Qg4 Bf8 22. Bd6 Qd7 23. Bxf8 Nxf8 0-1

[Event "SN-2012-0-00438"]
[Site "LSS email"]
[Date "2012.06.08"]
[Round "?"]
[White "Ramazzotti, Carlo"]
[Black "Jokmin, Alex"]
[Result "0-1"]
[WhiteElo "639"]
[BlackElo "694"]
[PlyCount "66"]
[EventDate "2012.05.14"]
[EventType "tourn (corr)"]
[EventRounds "6"]
[EventCountry "GER"]
[SourceTitle "Telechess CBM 153"]
[Source "ChessBase"]
[SourceDate "2013.03.14"]
[SourceVersion "1"]
[SourceVersionDate "2013.03.14"]
[SourceQuality "1"]

1. e4 e5 2. Nc3 Bc5 3. Nf3 Nc6 4. a3 d6 5. Nd5 Nge7 6. b4 Bb6 7. b5 Nd4 8. Bc4 Be6 9. c3 Nxf3+ 10. Qxf3 0-0 11. Nxb6 axb6 12. d3 Bxc4 13. dxc4 c6 14. 0-0 f5 15. Rb1 Ra4 16. bxc6 bxc6 17. Qg3 Rxc4 18. Bh6 Rf7 19. Rfd1 Rxe4 20. f3 Re2 21. Bd2 b5 22. Kf1 f4 23. Qg5 Rxd2 24. Rxd2 Qd7 25. Rc1 Nd5 26. Ke1 Rf6 27. c4 bxc4 28. Rxc4 Ne3 29. Ra4 c5 30. Ra8+ Rf8 31. Qxe5 Rxa8 32. Rxd6 Qe8 33. Qb2 Nc4+ 0-1

[Event "RF-2012-0-00119"]
[Site "LSS email"]
[Date "2012.06.07"]
[Round "?"]
[White "Ausan, Leo Tito Jr"]
[Black "Jokmin, Alex"]
[Result "1-0"]
[WhiteElo "1231"]
[BlackElo "692"]
[PlyCount "101"]
[EventDate "2012.04.18"]
[EventType "tourn (corr)"]
[EventRounds "6"]
[EventCountry "GER"]
[SourceTitle "Telechess CBM 155"]
[Source "ChessBase"]
[SourceDate "2013.07.16"]
[SourceVersion "1"]
[SourceVersionDate "2013.07.16"]
[SourceQuality "1"]

1. e4 e5 2. Nf3 Nf6 3. Nxe5 d6 4. Nf3 Nxe4 5. Nc3 Nxc3 6. dxc3 Nc6 7. Bd3 g6 8. Bg5 Be7 9. Qe2 f6 10. Bh6 Bd7 11. Bg7 Rg8 12. Bxf6 Kf8 13. Bxe7+ Qxe7 14. 0-0-0 Qxe2 15. Bxe2 Re8 16. Bc4 Rg7 17. Rde1 Rge7 18. Kd2 Na5 19. Bd3 Bc6 20. Rxe7 Rxe7 21. Ne1 Bd5 22. b3 b6 23. f3 Nb7 24. c4 Bc6 25. c3 Nc5 26. Bc2 Ne6 27. Nd3 Ng7 28. Nf4 Nf5 29. Bxf5 gxf5 30. Nd5 Bxd5 31. cxd5 Kf7 32. Re1 Re5 33. c4 Kf6 34. f4 Re7 35. Rxe7 Kxe7 36. Ke3 Kf6 37. Kf3 Kg6 38. h3 h5 39. g4 hxg4+ 40. hxg4 Kf6 41. gxf5 Kxf5 42. Kg3 a6 43. a4 a5 44. Kf3 Kf6 45. Kg4 Kg6 46. f5+ Kf6 47. Kf4 Kf7 48. Kg5 Kg7 49. f6+ Kf7 50. Kf5 Kf8 51. Ke6 1-0

[Event "RF-2012-0-00119"]
[Site "LSS email"]
[Date "2012.06.07"]
[Round "?"]
[White "Raines, David T"]
[Black "Jokmin, Alex"]
[Result "1-0"]
[WhiteElo "1090"]
[BlackElo "692"]
[PlyCount "85"]
[EventDate "2012.04.18"]
[EventType "tourn (corr)"]
[EventRounds "6"]
[EventCountry "GER"]
[SourceTitle "Telechess CBM 155"]
[Source "ChessBase"]
[SourceDate "2013.07.16"]
[SourceVersion "1"]
[SourceVersionDate "2013.07.16"]
[SourceQuality "1"]

1. d4 d5 2. c4 c6 3. Nc3 g6 4. e3 Bg7 5. Qc2 e5 6. cxd5 exd4 7. exd4 Bxd4 8. Nf3 Bg7 9. Be2 cxd5 10. Bg5 Nf6 11. Rd1 0-0 12. 0-0 Be6 13. Bc4 Qb6 14. Be3 Qc7 15. Bb3 Rd8 16. h3 a6 17. Nd4 Nc6 18. Nce2 Rac8 19. Qb1 Ne4 20. Rc1 Qe5 21. Rfe1 Qf6 22. Red1 Nxd4 23. Nxd4 Bh6 24. Qd3 Rxc1 25. Rxc1 Nxf2 26. Qd2 Bxe3 27. Qxe3 Ne4 28. Rf1 Qe7 29. Bc2 Nd6 30. Qf4 Nc4 31. b3 Nd6 32. Nf3 Nf5 33. Bb1 Kg7 34. Re1 Rc8 35. Bxf5 Qc5+ 36. Kh1 Bxf5 37. Nd4 Be4 38. Qe5+ Kf8 39. Qf6 Qc3 40. Rf1 Bf5 41. Qd6+ Kg7 42. Nxf5+ Kh8 43. Ne7 1-0

[Event "RN-2012-0-00477"]
[Site "LSS email"]
[Date "2012.05.04"]
[Round "?"]
[White "Jokmin, Alex"]
[Black "Lombardi, Donato"]
[Result "1/2-1/2"]
[WhiteElo "894"]
[BlackElo "820"]
[PlyCount "73"]
[EventDate "2012.04.21"]
[EventType "tourn (corr)"]
[EventRounds "6"]
[EventCountry "GER"]
[SourceTitle "Telechess CBM 153"]
[Source "ChessBase"]
[SourceDate "2013.03.14"]
[SourceVersion "1"]
[SourceVersionDate "2013.03.14"]
[SourceQuality "1"]

1. d4 d5 2. c4 c6 3. cxd5 cxd5 4. Nf3 Nc6 5. Bf4 Nf6 6. e3 e6 7. Bd3 Bd6 8. Bxd6 Qxd6 9. 0-0 0-0 10. Nc3 Bd7 11. a3 h6 12. Rc1 Rac8 13. Qb3 Na5 14. Qa2 a6 15. b4 Nc4 16. Bxc4 Rxc4 17. Ne5 Rc7 18. Nxd7 Nxd7 19. Rc2 Rfc8 20. Rfc1 Nb6 21. Ne2 Rxc2 22. Rxc2 Rxc2 23. Qxc2 Nc4 24. Qc3 b5 25. Nf4 g5 26. Ne2 a5 27. Nc1 axb4 28. axb4 f5 29. Nd3 Qa6 30. Nc5 Qa3 31. Qxa3 Nxa3 32. Nxe6 Nc2 33. Nc7 Nxb4 34. Nxb5 Kf7 35. Kf1 Ke6 36. Ke2 Nc6 37. Kd3 1/2-1/2

[Event "RF-2012-0-00116"]
[Site "LSS email"]
[Date "2012.04.26"]
[Round "?"]
[White "Csoma, Balint"]
[Black "Jokmin, Alex"]
[Result "1-0"]
[WhiteElo "1029"]
[BlackElo "894"]
[PlyCount "43"]
[EventDate "2012.04.02"]
[EventType "tourn (corr)"]
[EventRounds "6"]
[EventCountry "GER"]
[SourceTitle "Telechess CBM 155"]
[Source "ChessBase"]
[SourceDate "2013.07.16"]
[SourceVersion "1"]
[SourceVersionDate "2013.07.16"]
[SourceQuality "1"]

1. Nf3 d5 2. d4 Bg4 3. Ne5 Bh5 4. c4 f6 5. Nf3 c6 6. e3 Nd7 7. Be2 e5 8. cxd5 cxd5 9. 0-0 Bb4 10. a3 Ba5 11. b4 Bb6 12. Bb2 e4 13. Nh4 Bxe2 14. Qxe2 Nh6 15. Nc3 g5 16. Qh5+ Kf8 17. Qxh6+ Kf7 18. Nf5 Qf8 19. Qh5+ Ke6 20. f3 Kxf5 21. fxe4+ Ke6 22. exd5+ 1-0

[Event "RN-2012-0-00472"]
[Site "LSS email"]
[Date "2012.04.20"]
[Round "?"]
[White "Venturas, Bob"]
[Black "Jokmin, Alex"]
[Result "0-1"]
[WhiteElo "729"]
[BlackElo "856"]
[PlyCount "82"]
[EventDate "2012.04.05"]
[EventType "tourn (corr)"]
[EventRounds "6"]
[EventCountry "GER"]
[SourceTitle "Telechess CBM 153"]
[Source "ChessBase"]
[SourceDate "2013.03.14"]
[SourceVersion "1"]
[SourceVersionDate "2013.03.14"]
[SourceQuality "1"]

1. e4 e5 2. d4 exd4 3. a3 g6 4. Nf3 Bg7 5. Nxd4 Nc6 6. Nxc6 bxc6 7. Qf3 Ne7 8. Bc4 0-0 9. 0-0 d5 10. exd5 cxd5 11. Bb3 c6 12. Nc3 Re8 13. Bg5 Qd7 14. Rfe1 Nf5 15. Rad1 Bb7 16. Na4 Nd4 17. Qd3 Nxb3 18. Qxb3 Re6 19. Rxe6 fxe6 20. Nc5 Qc8 21. Qxb7 Qxb7 22. Nxb7 Rb8 23. Nc5 Rxb2 24. Nxe6 Rxc2 25. Rb1 h6 26. Be3 Kf7 27. Nxg7 Kxg7 28. g3 c5 29. Rb7+ Kf6 30. Bxh6 d4 31. Rxa7 d3 32. Bg7+ Ke6 33. Bh6 d2 34. Ra6+ Kd5 35. Bxd2 Rxd2 36. Rxg6 c4 37. Kf1 c3 38. Rg5+ Kc4 39. Ke1 Ra2 40. Rg4+ Kd3 41. f4 c2 0-1

[Event "RN-2012-0-00468"]
[Site "LSS email"]
[Date "2012.04.05"]
[Round "?"]
[White "Gonzalez, Julio Alberto"]
[Black "Jokmin, Alex"]
[Result "0-1"]
[WhiteElo "745"]
[BlackElo "859"]
[PlyCount "39"]
[EventDate "2012.03.19"]
[EventType "tourn (corr)"]
[EventRounds "6"]
[EventCountry "GER"]
[SourceTitle "Corr 2015"]
[Source "ChessBase"]
[SourceDate "2015.07.17"]
[SourceVersion "1"]
[SourceVersionDate "2015.07.17"]
[SourceQuality "1"]

1. d4 d5 2. Nf3 Nf6 3. Nbd2 Bg4 4. g3 e6 5. Bg2 c5 6. c3 cxd4 7. cxd4 Nc6 8. 0-0 Bb4 9. e3 0-0 10. a3 Ne4 11. axb4 Nxb4 12. h3 Bh5 13. g4 Bg6 14. Ne5 f6 15. Nxg6 hxg6 16. Nxe4 dxe4 17. Bxe4 Rb8 18. Bxg6 Nd5 19. g5 f5 20. Qh5 0-1

[Event "RN-2012-0-00467"]
[Site "LSS email"]
[Date "2012.04.01"]
[Round "?"]
[White "Jokmin, Alex"]
[Black "Smith, Harry E"]
[Result "0-1"]
[WhiteElo "692"]
[BlackElo "671"]
[PlyCount "98"]
[EventDate "2012.03.18"]
[EventType "tourn (corr)"]
[EventRounds "6"]
[EventCountry "GER"]
[SourceTitle "Telechess CBM 155"]
[Source "ChessBase"]
[SourceDate "2013.07.16"]
[SourceVersion "1"]
[SourceVersionDate "2013.07.16"]
[SourceQuality "1"]

1. d4 d5 2. c4 e6 3. Nf3 c6 4. Bf4 Be7 5. c5 Bf6 6. e3 Nd7 7. Bd3 Ne7 8. 0-0 0-0 9. b4 b5 10. cxb6 Nxb6 11. Nbd2 Ng6 12. Bg3 Re8 13. Qb3 Bh4 14. Nxh4 Nxh4 15. Qc2 a5 16. b5 cxb5 17. Bxb5 Rf8 18. Bc7 Qg5 19. g3 Nd7 20. Bf4 Qg4 21. Nb3 Nf6 22. Be2 Qf5 23. Qc6 Qe4 24. f3 Qf5 25. Qxa8 Ng6 26. Rac1 Bd7 27. Qxa5 Nh5 28. g4 Qf6 29. gxh5 Nxf4 30. exf4 Qxf4 31. Rc7 Qe3+ 32. Rf2 Qg5+ 33. Rg2 Qxh5 34. Rxd7 Qh4 35. Kf1 Qf4 36. Qc7 Qf5 37. Qg3 Qb1+ 38. Kf2 g6 39. Nc5 Qxa2 40. Qh3 Qb2 41. Nxe6 Re8 42. Rd8 Rxd8 43. Nxd8 Qxd4+ 44. Kg3 Qe5+ 45. Kf2 Qd4+ 46. Ke1 Qa1+ 47. Bd1 Qa5+ 48. Rd2 Qxd8 49. Qg2 Qe8+ 0-1

[Event "RN-2012-0-00467"]
[Site "LSS email"]
[Date "2012.04.01"]
[Round "?"]
[White "Jokmin, Alex"]
[Black "Street, Christin"]
[Result "0-1"]
[WhiteElo "692"]
[BlackElo "911"]
[PlyCount "56"]
[EventDate "2012.03.18"]
[EventType "tourn (corr)"]
[EventRounds "6"]
[EventCountry "GER"]
[SourceTitle "Telechess CBM 155"]
[Source "ChessBase"]
[SourceDate "2013.07.16"]
[SourceVersion "1"]
[SourceVersionDate "2013.07.16"]
[SourceQuality "1"]

1. d4 Nf6 2. c4 e6 3. Nf3 d5 4. Bg5 Bb4+ 5. Nc3 Nbd7 6. a3 Bxc3+ 7. bxc3 c5 8. cxd5 exd5 9. e3 Qa5 10. Qc2 Ne4 11. Be2 0-0 12. 0-0 Qxc3 13. Qxc3 Nxc3 14. Bd3 c4 15. Bf5 f6 16. Bh4 Re8 17. Rfe1 Ne4 18. Rab1 Nb6 19. Bxc8 Raxc8 20. Rb5 g5 21. Bg3 c3 22. Rc1 h5 23. h3 Nxg3 24. fxg3 Rxe3 25. Kf2 Rce8 26. Ng1 Nc4 27. Rxd5 Nb2 28. Kf1 Nd3 0-1

[Event "RN-2012-0-00466"]
[Site "LSS email"]
[Date "2012.04.01"]
[Round "?"]
[White "Torfs, Gert"]
[Black "Jokmin, Alex"]
[Result "1-0"]
[WhiteElo "855"]
[BlackElo "894"]
[PlyCount "127"]
[EventDate "2012.03.15"]
[EventType "tourn (corr)"]
[EventRounds "6"]
[EventCountry "GER"]
[SourceTitle "Telechess CBM 155"]
[Source "ChessBase"]
[SourceDate "2013.07.16"]
[SourceVersion "1"]
[SourceVersionDate "2013.07.16"]
[SourceQuality "1"]

1. e4 e5 2. Nf3 Nf6 3. Nc3 d6 4. d4 Be7 5. dxe5 dxe5 6. Qxd8+ Bxd8 7. Nxe5 0-0 8. Nf3 Nc6 9. Bd3 Re8 10. Bf4 Nb4 11. 0-0-0 c6 12. a3 Nxd3+ 13. cxd3 Bb6 14. Rhf1 Bg4 15. Bg5 Nd7 16. Be3 Bxf3 17. gxf3 Ne5 18. Bxb6 axb6 19. f4 Ng6 20. f5 Ne5 21. f4 Ng4 22. Rg1 Nh6 23. Rg3 f6 24. Rdg1 Re7 25. d4 Rd8 26. Rd1 Kf8 27. d5 cxd5 28. Rxd5 Rxd5 29. exd5 Nxf5 30. Rd3 Rd7 31. Ne4 Ne7 32. Nc3 g5 33. fxg5 fxg5 34. Kd2 Kf7 35. Ke3 Kf6 36. d6 Nc8 37. Ne4+ Ke5 38. Nxg5 Nxd6 39. Rb3 Nc4+ 40. Kf2 Rd2+ 41. Kg3 Rxb2 42. Rxb2 Nxb2 43. Nxh7 Nd3 44. Ng5 Kd5 45. h4 Ne5 46. h5 Nd7 47. Kf4 Kd6 48. Kf5 Ke7 49. Kg6 Ne5+ 50. Kg7 Ng4 51. Ne4 Ke6 52. Nf2 Ne3 53. Nd3 Nf5+ 54. Kg6 Nh4+ 55. Kg5 Nf5 56. a4 Nd6 57. Kg6 Nf5 58. Nf4+ Ke5 59. Nd3+ Ke6 60. Nb4 Nh4+ 61. Kg5 Nf5 62. Nd5 Nd6 63. Nxb6 Ne4+ 64. Kg6 1-0